000 00616nab a2200193 a 4500
005 20210219161711.0
008 991125s1985 mx 000 0 spa u
035 _aUPN01000190343
100 1 _aWilliamson Castro, Guillermo
222 0 _aPERFILES EDUCATIVOS
245 0 0 _aInstitucionalización de la educación intercultural bilingüe en Chile : notas y observaciones críticas
260 _aMéxico
300 _a126-147
362 0 _a2012 3a época, vol. 34, no. 138
653 0 _aEDUCACION INTERCULTURAL BILINGÜE
653 0 _aPUEBLOS INDIGENAS
653 0 _aLEGISLACION INDIGENA
905 _aArticulo
999 _c162446
_d162446